Rough & rugged Lily / (Record no. 344304)
[ view plain ]
| 000 -LEADER | |
|---|---|
| fixed length control field | 00522nam a2200217Ia 4500 |
| 008 - FIXED-LENGTH DATA ELEMENTS--GENERAL INFORMATION | |
| fixed length control field | 170918s9999 xx 000 0 und d |
| 020 ## - INTERNATIONAL STANDARD BOOK NUMBER | |
| International Standard Book Number | 9780310702603 |
| 050 ## - LIBRARY OF CONGRESS CALL NUMBER | |
| Item number | R918li 2002 |
| 100 ## - MAIN ENTRY--PERSONAL NAME | |
| Personal name | Rue, Nancy |
| 245 ## - TITLE STATEMENT | |
| Title | Rough & rugged Lily / |
| 245 ## - TITLE STATEMENT | |
| Statement of responsibility, etc | by Nancy Rue. |
| 260 ## - PUBLICATION, DISTRIBUTION, ETC. (IMPRINT) | |
| Place of publication, distribution, etc | Grand Rapids, Michigan : |
| 260 ## - PUBLICATION, DISTRIBUTION, ETC. (IMPRINT) | |
| Name of publisher, distributor, etc | Zonder Kids, |
| 260 ## - PUBLICATION, DISTRIBUTION, ETC. (IMPRINT) | |
| Date of publication, distribution, etc | 2002 |
| 300 ## - PHYSICAL DESCRIPTION | |
| Extent | 115 pages : |
| 300 ## - PHYSICAL DESCRIPTION | |
| Other physical details | illustrations ; |
| 300 ## - PHYSICAL DESCRIPTION | |
| Dimensions | 21cm. |
| 300 ## - PHYSICAL DESCRIPTION | |
| Accompanying material | Lily series ; |
| 440 ## - SERIES STATEMENT/ADDED ENTRY--TITLE | |
| Title | 9 |
| 440 ## - SERIES STATEMENT/ADDED ENTRY--TITLE | |
| Volume number/sequential designation | Young women of faith. |
| Withdrawn status | Lost status | Damaged status | Home library | Current library | Date acquired | Total Checkouts | Full call number | Barcode | Date last seen | Price effective from | Koha item type |
|---|---|---|---|---|---|---|---|---|---|---|---|
| Stonyhurst Southville International School (Malarayat) | Stonyhurst Southville International School (Malarayat) | 09/18/2017 | GS FIC R918li 2002 bk 9 | SSISM3376 | 09/18/2017 | 09/18/2017 | Books |